000 00275nam a2200121Ia 4500
008 151213s9999 xx 000 0 und d
245 _aThe Dumb Waiter
260 _aDhaka
_bFriends Book Corner
300 _a6460 p.
650 _aEnglish
650 _aEnglish
999 _c3568
_d3568